Evening economy (Record no. 118263)
[ view plain ]
| 000 -LEADER | |
|---|---|
| fixed length control field | 01243cam a2200217 4500 |
| 001 - CONTROL NUMBER | |
| control field | WB@3612-586 |
| 008 - FIXED-LENGTH DATA ELEMENTS--GENERAL INFORMATION | |
| fixed length control field | 041103n2004 000 0 eng u |
| 035 ## - SYSTEM CONTROL NUMBER | |
| System control number | (Sirsi) u127890 |
| 245 ## - TITLE STATEMENT | |
| Title | Evening economy |
| 260 ## - PUBLICATION, DISTRIBUTION, ETC. | |
| Date of publication, distribution, etc. | 2004 |
| 490 ## - SERIES STATEMENT | |
| Series statement | Planning (for the Natural and Built Environment) |
| Volume/sequential designation | 29 October 2004, 5(1) |
| 520 ## - SUMMARY, ETC. | |
| Summary, etc. | A good practice guide published by the ODPM this week argues that the future direction of evening activities in town and city centres should be controlled though planning rather than licensing regulations. Since the 1990s, restaurants, pubs, discos and late-night shopping have formed a major part of city centre regeneration. "Good practice in managing the evening and late night economy" advises local authorities to proactively use the planning system to clamp down on anti-social behaviour and crime while creating vibrant urban centres. The report is available to download from: http://www.odpm.gov.uk/stellent/groups/odpm_contro l/documents/contentservertemplate/odpm_index.hcst? n=3090&l=2. |
| 590 ## - LOCAL NOTE (RLIN) | |
| Local note | WB |
| 590 ## - LOCAL NOTE (RLIN) | |
| Local note | WB |
| 650 ## - SUBJECT ADDED ENTRY--TOPICAL TERM | |
| Topical term or geographic name entry element | TOWN PLANNING |
| 650 ## - SUBJECT ADDED ENTRY--TOPICAL TERM | |
| Topical term or geographic name entry element | TOWN CENTRES |
| 650 ## - SUBJECT ADDED ENTRY--TOPICAL TERM | |
| Topical term or geographic name entry element | URBAN RENAISSANCE |
| 650 ## - SUBJECT ADDED ENTRY--TOPICAL TERM | |
| Topical term or geographic name entry element | LICENSED PREMISES |
| 690 ## - LOCAL SUBJECT ADDED ENTRY--TOPICAL TERM (OCLC, RLIN) | |
| Topical term or geographic name as entry element | LEISURE AND RECREATION |
| 942 ## - ADDED ENTRY ELEMENTS (KOHA) | |
| Suppress in OPAC | 0 |
| Withdrawn status | Lost status | Source of classification or shelving scheme | Damaged status | Not for loan | Home library | Current library | Shelving location | Date acquired | Total Checkouts | Full call number | Barcode | Date last seen | Copy number | Price effective from | Koha item type |
|---|---|---|---|---|---|---|---|---|---|---|---|---|---|---|---|
| Dewey Decimal Classification | London | London | News article | 03/11/2004 | WB4042-09 | 127890-1001 | 06/08/2019 | 1 | 06/08/2019 | News article |